[Event "59th BRA-ch Women 2020"]
[Site "Rio de Janeiro"]
[Date "2020.01.11"]
[Round "1.1"]
[White "Alboredo, Julia"]
[Black "Ribeiro, Regina"]
[Result "1-0"]
[WhiteElo "2190"]
[BlackElo "1890"]
[Annotator "TA"]
[PlyCount "55"]
[EventDate "2020.01.11"]
[EventType "k.o."]
[EventCountry "BRA"]
[SourceTitle "playchess.com"]
[Source "ChessBase"]
[SourceQuality "1"]

{[%evp 11,55,8,12,0,7,20,28,28,49,33,67,27,25,25,59,54,64,33,53,40,88,91,175,176,135,133,336,256,383,148,340,329,310,302,260,116,821,408,375,386,29973,29973,6207,6191,29991,29987]} 1. e4 c6 2. d4 d5 3. e5 Bf5 4. h4 h5 5. Bd3 Bxd3 6. Qxd3 e6 7. Bg5 {B12: Caro-Kann: Advance Variation} Qb6 8. Nd2 Qa6 9. c4 {White has an edge.} Nd7 10. Ngf3 Ne7 11. b3 Nf5 12. O-O $36 {[%mdl 2048] White is pushing.} Be7 13. Bxe7 Nxe7 {[#]} 14. Rfd1 $146 ({Predecessor:} 14. Rfe1 Nf5 {1-0 (25) Mastrovasilis,D (2582)-Kourousis,E (2393) Katowice 2017}) 14... Nf5 15. Nf1 g6 16. Ne3 Nxe3 (16... Nb6 $16 {is a better defense.}) 17. fxe3 $18 O-O 18. Ng5 {Hoping for Nxe6!} Kg7 $2 (18... c5 $16) 19. Rf1 Rae8 {[#]} (19... c5 $142 20. Rf4 Rae8) 20. Rf2 $2 (20. g4 $1 $18 {[%cal Rg4h5][%mdl 512] and the rest is easy. aiming for gxh5.} hxg4 21. h5 $1 {[%mdl 512]}) 20... Qa3 $2 (20... f6 $16 21. exf6+ Rxf6) 21. Raf1 {[%cal Rf2f7]} f5 22. exf6+ $1 Rxf6 23. c5 (23. Rxf6 $18 {is the precise move to win.} Nxf6 24. Rxf6 $1 {[%mdl 576] Clearance} Kxf6 25. Qf1+ Ke7 26. Qf7+ {[%mdl 64] Double Attack} Kd8 27. Qxb7) 23... Rf5 $2 {[%mdl 8192] [#]} (23... Ref8 $16) 24. e4 (24. Nxe6+ $142 $1 {[%mdl 512]} Rxe6 25. Rxf5) 24... dxe4 25. Qxe4 {[%cal Rf2f5]} Nf8 $2 (25... Qb4 $18 26. Rxf5 gxf5) 26. Rxf5 gxf5 27. Qe5+ Kg6 28. Qc7 {Accuracy: White = 43%, Black = 17%.} 1-0

[Event "59th BRA-ch Women 2020"]
[Site "Rio de Janeiro"]
[Date "2020.01.11"]
[Round "1.1"]
[White "Gazola, Vanessa Ramos"]
[Black "Tamarozi, Isabelle"]
[Result "1-0"]
[WhiteElo "1996"]
[BlackElo "1978"]
[Annotator "NA"]
[PlyCount "55"]
[EventDate "2020.01.11"]
[EventType "k.o."]
[EventCountry "BRA"]
[SourceTitle "playchess.com"]
[Source "ChessBase"]
[SourceQuality "1"]
[TimeControl "5400+30"]

1. d4 {[%emt 0:02:19]} Nf6 {[%emt 0:00:00]} 2. c4 {[%emt 0:00:17]} g6 {[%emt 0:00:11]} 3. Nc3 {[%emt 0:00:19]} Bg7 {[%emt 0:00:21]} 4. e4 {[%emt 0:00:21]} d6 {[%emt 0:00:23]} 5. f3 {[%emt 0:00:22]} O-O {[%emt 0:00:44]} 6. Bg5 {[%emt 0:00:18]} e5 {[%emt 0:09:34]} 7. dxe5 {[%emt 0:02:19]} dxe5 {[%emt 0:00:18]} 8. Qxd8 {[%emt 0:00:06]} Rxd8 {[%emt 0:00:06]} 9. Nd5 {[%emt 0:00:05]} Nxd5 {[%emt 0:04:00] E81: King's Indian: Sämisch: 6th move deviations (including 6 Be3 c6)} 10. Bxd8 {[%emt 0:00:47]} Nb4 {[%emt 0:05:10]} (10... Ne3 11. Kf2 Nxf1 12. Rxf1 Na6 13. Rd1 Be6 14. b3 Bf8 15. Bg5 Nb4 16. Rd2 c5 17. Ne2 {1-0 (42) Rios,C (2540)-Gonzalez Parejo,R (2152) Quibdo 2015}) 11. O-O-O {[%emt 0:14:21]} Nxa2+ {[%emt 0:03:29]} 12. Kb1 {[%emt 0:00:28]} Nb4 {[%emt 0:00:13]} 13. Bxc7 {[%emt 0:00:07]} N8c6 {[%emt 0:01:41]} 14. Ne2 {[%emt 0:01:05]} Be6 $146 {[%emt 0:08:36]} ({Predecessor:} 14... f5 15. Nc3 Nd4 16. Nd5 Bd7 17. Nxb4 {1-0 (17) Soln,P (2280)-Wuerschinger,W (1800) Finkenstein 1995}) 15. Nc3 {[%emt 0:01:45]} Nd4 {[%emt 0:08:04]} 16. Bd6 {[%emt 0:06:32]} a5 {[%emt 0:10:13]} 17. Nd5 {[%emt 0:08:59]} Nxd5 {[%emt 0:02:40]} 18. cxd5 {[%emt 0:01:14]} Bd7 {[%emt 0:01:37]} 19. Rc1 {[%emt 0:02:49]} Ba4 {[%emt 0:05:27]} 20. Rc7 {[%emt 0:09:23]} b5 {[%emt 0:04:16]} 21. Bd3 {[%emt 0:01:58]} h5 {[%emt 0:11:17]} 22. Rhc1 {[%emt 0:04:50]} Nb3 {[%emt 0:10:14]} 23. Rc8+ $18 {[%emt 0:01:20]} Rxc8 {[%emt 0:00:33]} 24. Rxc8+ {[%emt 0:00:06]} Kh7 {[%emt 0:00:08]} 25. Bc2 {[%emt 0:03:09]} Nd2+ {[%emt 0:05:20]} 26. Ka2 {[%emt 0:02:50]} Bxc2 {[%emt 0:02:30]} 27. Rxc2 {[%emt 0:00:07]} Nc4 {[%emt 0:01:06]} 28. Rxc4 {[%emt 0:00:56]} 1-0

[Event "59th BRA-ch Women 2020"]
[Site "Rio de Janeiro"]
[Date "2020.01.11"]
[Round "1.1"]
[White "Medeiros, Thauane Ferreira"]
[Black "Librelato, Kathie Goulart"]
[Result "1/2-1/2"]
[WhiteElo "1971"]
[BlackElo "2175"]
[Annotator "TA"]
[PlyCount "164"]
[EventDate "2020.01.11"]
[EventType "k.o."]
[EventCountry "BRA"]
[SourceTitle "playchess.com"]
[Source "ChessBase"]
[SourceQuality "1"]

{[%evp 10,164,-12,-10,0,0,0,-43,-39,-81,-20,-83,-42,-50,-46,-99,-49,-38,-49,-68,-68,-171,-72,-190,-95,-94,-70,-110,-107,-134,-131,-155,-116,-96,-61,-138,-15,-315,-289,-490,-236,-439,-319,-309,-298,-354,-329,-538,-524,-511,-445,-440,-467,-458,-430,-404,-407,-533,-408,-572,0,-591,-568,-587,-554,-594,-388,-601,-553,-551,-602,-530,-275,-324,-331,-612,-610,-654,-593,-514,-418,-412,-357,-1007,-950,-1417,-1320,-1859,-1660,-1535,-1465,-1412,-466,-594,-381,-727,-751,-823,-700,-706,-652,-688,-621,-461,0,-864,-1527,-1364,-1412,-1308,-1112,-1510,-1510,-1318,-1272,-1258,-1150,-1014,-592,-592,-592,-591,-588,-973,-906,-920,831,664,847,642,487,0,0,0,0,0,0,0,0,0,0,0,0,0,0,0,0,0,0,0,0,0,0,0,0,0,0]} 1. c4 Nf6 2. Nc3 e6 3. g3 d5 4. Bg2 c5 5. cxd5 exd5 6. d3 Nc6 {A34: Symmetrical English: 2 Nc3, lines with ...d5} 7. Bg5 Be7 8. Qd2 (8. Nh3 d4 9. Bxf6 Bxf6 10. Ne4 Be7 11. Nf4 O-O 12. O-O Bd7 13. Nd5 Rc8 14. a3 {½-½ (24) Wang,Y (2697)-Jakovenko,D (2736) St Petersburg 2012}) 8... Be6 {Black is slightly better.} 9. Nf3 O-O (9... d4 $17 10. Bxf6 Bxf6) 10. O-O (10. d4 $11 {remains equal.}) 10... h6 11. Bxf6 Bxf6 12. Rfd1 $146 (12. e3 $15) ({Predecessor:} 12. Rad1 Qa5 13. a3 Rfd8 14. Qc2 {1-0 (69) Giani,F (2083)-Barlocco,C (2235) Lignano Sabbiadoro 2005}) 12... Qd7 13. Rac1 Rac8 14. a3 b6 {[%cal Bb7b6,Bb6b5,Bb5b4][%mdl 32]} 15. Qf4 (15. e4 $15) 15... Rfe8 (15... d4 $1 $19 {[%cal Rd4c3] is more deadly.} 16. Nb1 Be7) 16. Re1 (16. e4 $17) 16... Nd4 ({Better is} 16... d4 $1 $19 {[%cal Rd4c3]} 17. Nd1 Be7) 17. e3 $17 Nb3 18. Rb1 b5 19. h4 a5 20. a4 b4 21. Nb5 Rc6 22. d4 (22. Rbd1 $15) 22... Bf5 (22... c4 $17 23. Ne5 Bxe5 24. Qxe5 f6) 23. Rbc1 $2 {[%mdl 8192]} (23. Rbd1 $11) 23... c4 $19 ({But not} 23... Nxc1 24. Rxc1 Be4 25. Kh2 $19) 24. Nh2 $2 (24. Rcd1 Bc2 25. Bf1) 24... Bg6 (24... c3 $142 25. bxc3 Nxc1 26. Rxc1 b3) 25. Ng4 $2 (25. Qf3 Nxc1 26. Rxc1) 25... Nxc1 26. Rxc1 Be4 27. Bh3 Qe7 28. Nxf6+ $2 (28. Bg2) 28... Rxf6 ({Less strong is} 28... gxf6 29. Qg4+ Kf8 30. Qh5 $17) 29. Qc7 Qxc7 30. Nxc7 Re7 31. Nb5 Rb6 32. Bg2 f5 33. Bf1 Rc6 34. Be2 (34. Bg2 $142) 34... Rb6 $2 ({Black should play} 34... g5 $19 35. h5 c3 $1 {[%mdl 576] Promotion}) 35. Kf1 $2 {[%mdl 8192]} (35. Bf1 $1 $11 {and White is okay.} c3 36. b3) 35... g5 36. h5 {[#]} f4 $1 37. f3 (37. exf4 c3) 37... Bf5 38. g4 (38. e4 $142 dxe4 39. Bxc4+ Kg7 40. g4) 38... Bd7 39. e4 Bxb5 40. axb5 dxe4 41. Bxc4+ {[%mdl 4096] Endgame KRR-KRB} Kg7 42. Re1 $2 (42. Ra1 Rd7 43. d5) 42... e3 43. Ke2 Rd6 44. d5 Rc7 45. Kd3 Kf6 46. b3 $2 (46. Kd4) 46... Ke5 47. Ra1 Rxd5+ 48. Bxd5 Kxd5 49. Rxa5 {KR-KR} Rc3+ {[%mdl 64] Double Attack} 50. Ke2 Kd4 (50... Rxb3 $142 51. b6+ Kc6) 51. b6 {Threatens to win with b7.} Rc8 52. Rb5 $2 ({Weaker is} 52. b7 Rb8 $17) (52. Rf5 Kc3 53. b7) 52... Kc3 53. b7 Rb8 54. Rb6 Kxb3 55. Kd3 {Now Rb5 and White clings on.} Ka4 56. Kc4 {[%cal Rb6a6] [#]} Ka5 $2 (56... Ka3 $1 $19 57. Kd3 Kb3) 57. Rb5+ $2 {[%mdl 8192]} (57. Rxb4 $11 e2 58. Rb5+ Ka6 59. Re5 Kxb7 60. Rxe2 Rc8+ 61. Kd3 Rd8+ 62. Kc3 Rc8+ 63. Kd2 Rd8+ 64. Kc3) 57... Ka6 58. Rxb4 Rxb7 59. Ra4+ Kb6 60. Kd3 Rd7+ 61. Kc3 Rc7+ 62. Kd3 Rc1 63. Re4 Rf1 64. Re6+ Kc5 65. Rxh6 Rxf3 66. Rg6 {[#]} Rf2 $1 67. Rxg5+ Kb4 $4 {[%mdl 8192]} (67... Kd6 $19 68. Rg6+ Kd7 69. Rg7+ Ke6 70. Rg6+ Kf7) 68. Re5 $18 Rf1 {intending ...Rd1+.} 69. h6 Rd1+ 70. Ke4 $2 (70. Ke2 $18 Rd2+ 71. Kf3 Rf2+ 72. Ke4) 70... e2 $11 {The position is equal.} 71. Kxf4 e1=Q 72. Rxe1 Rxe1 {KR-KPP} 73. g5 {g6 is the strong threat.} Rh1 74. Kf5 {Hoping for Kg6.} Kc5 75. g6 {aiming for h7.} Rh5+ 76. Kf6 Rxh6 {KR-KP} 77. Kf7 Rh1 78. Kf6 Rh6 79. Kf7 Rh2 80. g7 Rf2+ 81. Ke6 Rg2 82. Kf7 Rxg7+ {Accuracy: White = 19%, Black = 48%.} 1/2-1/2

[Event "59th BRA-ch Women 2020"]
[Site "Rio de Janeiro"]
[Date "2020.01.11"]
[Round "1.1"]
[White "Vieira, Julia"]
[Black "Terao, Juliana Sayumi"]
[Result "0-1"]
[WhiteElo "1779"]
[BlackElo "2232"]
[Annotator "ChessBase"]
[PlyCount "52"]
[EventDate "2020.01.11"]
[EventType "k.o."]
[EventCountry "BRA"]
[SourceTitle "playchess.com"]
[Source "ChessBase"]
[SourceQuality "1"]
[TimeControl "5400+30"]

1. f4 {[%emt 0:00:00]} c5 {[%emt 0:00:26]} 2. Nf3 {[%emt 0:00:00]} e6 {[%emt 0:00:32]} 3. g3 {[%emt 0:01:23]} d5 {[%emt 0:04:27]} 4. Bg2 {[%emt 0:00:23]} Nc6 {[%emt 0:00:25]} 5. O-O {[%emt 0:01:22]} Nf6 {[%emt 0:01:10]} 6. d3 {[%emt 0:02:35]} Be7 {[%emt 0:03:41]} 7. Qe1 {[%emt 0:03:11]} O-O {[%emt 0:11:20]} 8. h3 {[%emt 0:06:34]} b5 {[%emt 0:04:04]} 9. a4 {[%emt 0:19:07]} b4 {[%emt 0:01:02]} 10. Nbd2 {[%emt 0:03:58]} Ba6 {[%emt 0:01:57]} 11. g4 {[%emt 0:06:16]} Rc8 {[%emt 0:04:35]} 12. c3 {[%emt 0:13:58]} Bd6 {[%emt 0:03:07]} 13. g5 {[%emt 0:07:22]} Nh5 {[%emt 0:00:20]} 14. Qh4 {[%emt 0:12:48]} Nxf4 {[%emt 0:00:28]} 15. Rf2 {[%emt 0:01:27]} Ng6 {[%emt 0:02:42]} 16. Qh5 {[%emt 0:01:39]} Bg3 {[%emt 0:00:39]} 17. Nf1 {[%emt 0:02:51]} Bxf2+ {[%emt 0:00:08]} 18. Kxf2 {[%emt 0:00:13]} e5 {[%emt 0:01:37]} 19. Ng3 {[%emt 0:02:12]} Qd7 {[%emt 0:06:46]} 20. Bd2 {[%emt 0:03:08]} bxc3 {[%emt 0:03:35]} 21. Bxc3 {[%emt 0:02:11]} Rce8 {[%emt 0:01:20]} 22. Rf1 {[%emt 0:08:22]} f5 {[%emt 0:02:45]} 23. gxf6 Rxf6 {[%emt 0:00:07]} 24. Kg1 {[%emt 0:00:00]} Nf4 {[%emt 0:01:20]} 25. Qh4 {[%emt 0:00:00]} Rg6 {[%emt 0:03:41]} 26. Nxe5 {[%emt 0:00:00]} Nxg2 {[%emt 0:03:10]} 0-1

[Event "59th BRA-ch Women 2020"]
[Site "Rio de Janeiro"]
[Date "2020.01.12"]
[Round "1.2"]
[White "Terao, Juliana Sayumi"]
[Black "Vieira, Julia"]
[Result "1-0"]
[WhiteElo "2232"]
[BlackElo "1779"]
[Annotator "NA"]
[PlyCount "87"]
[EventDate "2020.01.11"]
[EventType "k.o."]
[EventCountry "BRA"]
[SourceTitle "playchess.com"]
[Source "ChessBase"]
[SourceQuality "1"]
[TimeControl "5400+30"]

1. e4 {[%emt 0:00:00]} Nf6 {[%emt 0:00:00]} 2. e5 {[%emt 0:00:09]} Nd5 {[%emt 0:00:10]} 3. d4 {[%emt 0:00:02]} d6 {[%emt 0:00:00]} 4. c4 {[%emt 0:00:30]} Nb6 {[%emt 0:00:08]} 5. exd6 {[%emt 0:00:30]} cxd6 {[%emt 0:00:30]} 6. Nc3 {[%emt 0:00:00]} g6 {[%emt 0:00:00]} 7. Be3 {[%emt 0:00:00]} Bg7 {[%emt 0:00:00]} 8. Rc1 {[%emt 0:00:02]} O-O {[%emt 0:00:17]} 9. b3 {[%emt 0:00:35]} e5 {[%emt 0:01:31]} 10. dxe5 {[%emt 0:00:59]} dxe5 {[%emt 0:00:37]} 11. Qxd8 {[%emt 0:00:14]} Rxd8 {[%emt 0:00:11]} 12. c5 {[%emt 0:00:08]} N6d7 {[%emt 0:00:26]} 13. Nf3 {[%emt 0:01:22]} Nc6 {[%emt 0:00:24]} 14. Bc4 {[%emt 0:00:44]} Na5 {[%emt 0:02:42]} 15. Be2 {[%emt 0:01:09]} Nf8 {[%emt 0:00:20]} 16. O-O {[%emt 0:02:16]} Ne6 {[%emt 0:02:17]} 17. Rfd1 {[%emt 0:15:29]} Bd7 {[%emt 0:02:02]} 18. b4 {[%emt 0:17:25]} Nc6 {[%emt 0:00:14]} 19. Nd5 {[%emt 0:00:50]} Ncd4 {[%emt 0:10:48]} 20. Bc4 {[%emt 0:12:12]} Nxf3+ {[%emt 0:02:12]} 21. gxf3 {[%emt 0:00:05]} Kf8 {[%emt 0:04:51]} 22. f4 {[%emt 0:25:24]} Ba4 {[%emt 0:09:48]} 23. Rd3 {[%emt 0:03:47]} e4 {[%emt 0:02:20]} 24. Rd2 {[%emt 0:00:32]} Rac8 {[%emt 0:05:14]} 25. Nc3 {[%emt 0:01:51]} Rxd2 {[%emt 0:01:28]} 26. Bxd2 {[%emt 0:00:32]} Rd8 {[%emt 0:04:47]} 27. Be3 {[%emt 0:00:14]} Bxc3 {[%emt 0:01:33]} 28. Rxc3 {[%emt 0:00:04]} Rd1+ {[%emt 0:00:22]} 29. Kg2 {[%emt 0:00:03]} Nd4 {[%emt 0:05:32]} 30. Bxd4 Rxd4 {[%emt 0:00:02]} 31. b5 {[%emt 0:10:22]} f5 {[%emt 0:03:12]} 32. Be2 {[%emt 0:02:06]} Ke7 {[%emt 0:01:39]} 33. c6 {[%emt 0:00:39]} Rd8 {[%emt 0:04:04]} 34. Ra3 {[%emt 0:01:02]} Bc2 {[%emt 0:02:37]} 35. Rxa7 {[%emt 0:00:10]} Bd3 {[%emt 0:02:24]} 36. Rxb7+ {[%emt 0:00:06]} Ke6 {[%emt 0:01:35]} 37. Bd1 {[%emt 0:00:30]} e3 {[%emt 0:04:59]} 38. fxe3 {[%emt 0:00:06]} Be4+ {[%emt 0:00:19]} 39. Bf3 {[%emt 0:00:05]} Rd2+ {[%emt 0:00:21]} 40. Kg3 {[%emt 0:00:05]} Bxf3 {[%emt 0:00:27]} 41. Kxf3 {[%emt 0:00:05]} Rxh2 {[%emt 0:00:50]} 42. c7 {[%emt 0:00:43]} Kd7 {[%emt 0:00:36]} 43. b6 {[%emt 0:00:07]} Rxa2 {[%emt 0:00:19]} 44. Rb8 {[%emt 0:00:11]} 1-0

[Event "59th BRA-ch Women 2020"]
[Site "Rio de Janeiro"]
[Date "2020.01.12"]
[Round "1.2"]
[White "Librelato, Kathie Goulart"]
[Black "Medeiros, Thauane Ferreira"]
[Result "1-0"]
[WhiteElo "2175"]
[BlackElo "1971"]
[Annotator "ChessBase"]
[PlyCount "47"]
[EventDate "2020.01.11"]
[EventType "k.o."]
[EventCountry "BRA"]
[SourceTitle "playchess.com"]
[Source "ChessBase"]
[SourceQuality "1"]
[TimeControl "5400+30"]

1. e4 {[%emt 0:00:00]} c5 {[%emt 0:00:00]} 2. Nf3 {[%emt 0:00:30]} d6 {[%emt 0:00:30]} 3. d4 {[%emt 0:00:30]} cxd4 {[%emt 0:00:30]} 4. Nxd4 {[%emt 0:00:30]} Nf6 {[%emt 0:00:30]} 5. Nc3 {[%emt 0:00:30]} Nc6 {[%emt 0:00:30]} 6. Nb3 {[%emt 0:00:30]} a6 {[%emt 0:00:30]} 7. Bd3 {[%emt 0:00:30]} e6 {[%emt 0:00:30]} 8. O-O {[%emt 0:00:30]} Be7 {[%emt 0:00:30]} 9. f4 {[%emt 0:00:30]} O-O {[%emt 0:00:30]} 10. Qf3 {[%emt 0:00:30]} Qc7 {[%emt 0:00:30]} 11. Bd2 {[%emt 0:00:30]} b5 {[%emt 0:00:30]} 12. Rae1 {[%emt 0:00:30]} Bb7 {[%emt 0:00:30]} 13. Qh3 {[%emt 0:00:30]} Nd7 {[%emt 0:00:30]} 14. Re3 {[%emt 0:00:30]} Rfe8 {[%emt 0:00:30]} 15. Rg3 {[%emt 0:00:30]} Nb4 {[%emt 0:55:03]} 16. Nxb5 {[%emt 0:51:07]} axb5 {[%emt 0:00:30]} 17. Bxb4 {[%emt 0:00:30]} e5 {[%emt 0:09:53]} 18. Kh1 {[%emt 0:16:55]} Bc6 {[%emt 0:10:19]} 19. Qh6 {[%emt 0:06:51]} g6 {[%emt 0:00:30]} 20. Rh3 {[%emt 0:00:30]} Nf8 {[%emt 0:02:45]} 21. f5 {[%emt 0:01:03]} Qd8 {[%emt 0:01:41]} 22. fxg6 {[%emt 0:01:16]} Bg5 {[%emt 0:02:26]} 23. gxf7+ {[%emt 0:01:13]} Kh8 {[%emt 0:00:13]} 24. fxe8=Q {[%emt 0:00:45]} 1-0

[Event "59th BRA-ch Women 2020"]
[Site "Rio de Janeiro"]
[Date "2020.01.12"]
[Round "1.2"]
[White "Tamarozi, Isabelle"]
[Black "Gazola, Vanessa Ramos"]
[Result "1/2-1/2"]
[WhiteElo "1978"]
[BlackElo "1996"]
[Annotator "NA"]
[PlyCount "70"]
[EventDate "2020.01.11"]
[EventType "k.o."]
[EventCountry "BRA"]
[SourceTitle "playchess.com"]
[Source "ChessBase"]
[SourceQuality "1"]
[TimeControl "5400+30"]

1. e4 {[%emt 0:04:28]} c5 {[%emt 0:00:00]} 2. Nf3 {[%emt 0:00:46]} Nc6 {[%emt 0:00:00]} 3. d4 {[%emt 0:00:38]} cxd4 {[%emt 0:00:06]} 4. Nxd4 {[%emt 0:00:15]} Nf6 {[%emt 0:00:15]} 5. Nc3 {[%emt 0:00:52]} e5 {[%emt 0:00:15]} 6. Ndb5 {[%emt 0:01:41]} d6 {[%emt 0:00:12]} 7. Bg5 {[%emt 0:03:45]} a6 {[%emt 0:00:21]} 8. Na3 {[%emt 0:00:18]} b5 {[%emt 0:00:20]} 9. Nd5 {[%emt 0:00:37]} Be7 {[%emt 0:00:22]} 10. Bxf6 {[%emt 0:01:12]} Bxf6 {[%emt 0:00:17]} 11. c4 {[%emt 0:04:24]} b4 {[%emt 0:00:14]} 12. Nc2 {[%emt 0:00:11]} a5 {[%emt 0:02:58]} 13. g3 {[%emt 0:08:22] B33: Sicilian: Pelikan and Sveshnikov Variations} O-O {[%emt 0:05:06]} 14. Bg2 {[%emt 0:10:14]} Bg5 {[%emt 0:08:35]} 15. O-O {[%emt 0:05:13]} Be6 {[%emt 0:04:08]} (15... Ne7 16. Nce3 Bxe3 17. Nxe3 Be6 18. b3 Ra7 19. Qd3 {½-½ (52) Nepomniachtchi,I (2776)-Yu,Y (2763) Khanty-Mansiysk 2019}) 16. b3 {[%emt 0:08:10]} Ne7 {[%emt 0:05:19]} 17. f4 {[%emt 0:12:11]} Bxd5 {[%emt 0:04:50]} 18. fxg5 {[%emt 0:02:26]} Be6 {[%emt 0:02:23]} 19. Qd2 $146 {[%emt 0:06:16]} ({Predecessor:} 19. h4) 19... Qb6+ {[%emt 0:07:39]} 20. Kh1 {[%emt 0:02:59]} Rfd8 {[%emt 0:00:45]} 21. Qf2 {[%emt 0:17:19]} Qxf2 {[%emt 0:06:09]} 22. Rxf2 {[%emt 0:00:05]} Nc6 {[%emt 0:00:08]} 23. Bf3 {[%emt 0:03:55]} Kf8 {[%emt 0:03:48]} 24. Rd2 {[%emt 0:00:30]} Ke7 {[%emt 0:02:44]} 25. Ne3 {[%emt 0:01:20]} Nd4 {[%emt 0:01:02]} 26. Bd1 {[%emt 0:02:03]} Ra7 {[%emt 0:05:41]} 27. Kg2 {[%emt 0:01:08]} Rh8 {[%emt 0:00:39]} 28. Rc1 $11 {[%emt 0:01:35]} Rc8 {[%emt 0:00:43]} 29. h3 {[%emt 0:00:36]} Rac7 {[%emt 0:02:25]} 30. Nc2 {[%emt 0:00:41]} Nxc2 {[%emt 0:00:54]} 31. Bxc2 {[%emt 0:00:24]} Rc5 {[%emt 0:01:19]} 32. Rcd1 {[%emt 0:00:18]} R8c6 {[%emt 0:00:08]} 33. g4 {[%emt 0:00:51]} Ra6 {[%emt 0:01:27]} 34. Kf3 {[%emt 0:00:26]} Rc8 {[%emt 0:01:39]} 35. Bd3 {[%emt 0:00:31]} Rc5 {[%emt 0:02:27]} 1/2-1/2

[Event "59th BRA-ch Women 2020"]
[Site "Rio de Janeiro"]
[Date "2020.01.12"]
[Round "1.2"]
[White "Ribeiro, Regina"]
[Black "Alboredo, Julia"]
[Result "0-1"]
[WhiteElo "1890"]
[BlackElo "2190"]
[Annotator "ChessBase"]
[PlyCount "94"]
[EventDate "2020.01.11"]
[EventType "k.o."]
[EventCountry "BRA"]
[SourceTitle "playchess.com"]
[Source "ChessBase"]
[SourceQuality "1"]
[TimeControl "5400+30"]

1. Nf3 {[%emt 0:00:00]} c5 {[%emt 0:05:07]} 2. g3 {[%emt 0:00:00]} g6 {[%emt 0:00:16]} 3. Bg2 {[%emt 0:00:00]} Bg7 {[%emt 0:00:22]} 4. O-O {[%emt 0:02:20]} Nc6 {[%emt 0:00:39]} 5. d3 {[%emt 0:02:40]} d6 {[%emt 0:02:10]} 6. e4 {[%emt 0:01:59]} e6 {[%emt 0:00:42]} 7. c3 {[%emt 0:00:43]} Nge7 {[%emt 0:08:29]} 8. Be3 {[%emt 0:16:38]} e5 {[%emt 0:04:29]} 9. a3 {[%emt 0:07:07]} O-O {[%emt 0:08:05]} 10. b4 {[%emt 0:00:33]} b6 {[%emt 0:00:31]} 11. b5 {[%emt 0:01:06]} Na5 {[%emt 0:00:38]} 12. c4 {[%emt 0:00:46]} f5 {[%emt 0:04:34]} 13. Bd2 {[%emt 0:04:42]} fxe4 {[%emt 0:04:57]} 14. Ng5 {[%emt 0:04:25]} Rb8 {[%emt 0:04:59]} 15. Bxa5 {[%emt 0:00:33]} bxa5 {[%emt 0:00:10]} 16. dxe4 {[%emt 0:05:08]} h6 {[%emt 0:00:37]} 17. Nf3 {[%emt 0:01:53]} Be6 {[%emt 0:01:38]} 18. Qd3 {[%emt 0:02:57]} Nc8 {[%emt 0:03:56]} 19. Nc3 {[%emt 0:01:22]} Nb6 {[%emt 0:04:24]} 20. Nd2 {[%emt 0:03:35]} Qd7 {[%emt 0:12:33]} 21. a4 {[%emt 0:05:58]} h5 {[%emt 0:09:33]} 22. Nd5 {[%emt 0:01:28]} Rbc8 {[%emt 0:02:22]} 23. Nb3 {[%emt 0:06:57]} Bxd5 {[%emt 0:03:02]} 24. exd5 {[%emt 0:29:10]} e4 {[%emt 0:17:47]} 25. Bxe4 {[%emt 0:00:00]} Bxa1 {[%emt 0:00:00]} 26. Rxa1 {[%emt 0:00:00]} Qg7 {[%emt 0:00:00]} 27. Bxg6 {[%emt 0:00:00]} Nxc4 {[%emt 0:00:00]} 28. Qxc4 {[%emt 0:00:00]} Qxg6 {[%emt 0:00:00]} 29. Nxa5 {[%emt 0:00:00]} Rxf2 {[%emt 0:00:00]} 30. Kxf2 {[%emt 0:00:00]} Qf6+ {[%emt 0:00:00]} 31. Qf4 {[%emt 0:00:00]} Qb2+ {[%emt 0:00:00]} 32. Kg1 {[%emt 0:00:00]} Qxa1+ {[%emt 0:00:00]} 33. Kg2 {[%emt 0:00:00]} Qa2+ {[%emt 0:00:00]} 34. Kh3 {[%emt 0:00:00]} Qxd5 {[%emt 0:00:00]} 35. Nc6 {[%emt 0:00:00]} Rc7 {[%emt 0:00:20]} 36. Qf6 {[%emt 0:00:00]} Qf7 {[%emt 0:01:07]} 37. Qxd6 {[%emt 0:00:00]} Qd7+ {[%emt 0:00:21]} 38. Qxd7 {[%emt 0:00:00]} Rxd7 {[%emt 0:00:05]} 39. a5 {[%emt 0:07:30]} Rc7 {[%emt 0:05:37]} 40. Kg2 {[%emt 0:00:00]} Kf7 {[%emt 0:00:00]} 41. Kf3 {[%emt 0:00:05]} Ke6 {[%emt 0:00:00]} 42. Ke4 {[%emt 0:00:41]} Kd6 {[%emt 0:00:00]} 43. a6 {[%emt 0:00:25]} Rg7 {[%emt 0:00:00]} 44. h3 {[%emt 0:00:48]} Rxg3 {[%emt 0:00:32]} 45. Nxa7 {[%emt 0:00:05]} Rb3 {[%emt 0:00:53]} 46. Nc8+ {[%emt 0:00:16]} Kc7 {[%emt 0:00:23]} 47. a7 {[%emt 0:00:26]} Ra3 {[%emt 0:00:27]} 0-1